[Event "SVK-chT2D 2425"]
[Site "Slovakia"]
[Date "2024.11.30"]
[Round "3.8"]
[White "Remak, Dezider"]
[Black "Belis, Rudolf"]
[Result "1/2-1/2"]
[WhiteElo "1786"]
[BlackElo "1832"]
[PlyCount "27"]
[EventDate "2024.11.09"]
[EventType "team-tourn"]
[EventRounds "11"]
[EventCountry "SVK"]
[SourceTitle "CB51_2024"]
[SourceDate "2024.12.18"]
[SourceVersion "1"]
[SourceVersionDate "2024.12.18"]
[SourceQuality "1"]
[WhiteTeam "Velke Kapusany"]
[BlackTeam "Presov Tatran Dason"]
[WhiteTeamCountry "SVK"]
[BlackTeamCountry "SVK"]

1. d4 e5 2. dxe5 d6 3. exd6 Bxd6 4. c3 Nc6 5. Nf3 Bg4 6. e3 Qe7 7. Be2 0-0-0 8. Nbd2 Nf6 9. h3 Bh5 10. Qa4 Kb8 11. b4 h6 12. Bb2 Ne5 13. Rd1 Rhe8 14. Nxe5 1/2-1/2

[Event "SVK-chT2D 2324"]
[Site "Slovakia"]
[Date "2024.02.11"]
[Round "9.5"]
[White "Belis, Rudolf"]
[Black "Foglar, Ivan"]
[Result "0-1"]
[WhiteElo "1791"]
[BlackElo "1977"]
[PlyCount "68"]
[EventDate "2023.10.07"]
[EventType "team-tourn"]
[EventRounds "11"]
[EventCountry "SVK"]
[SourceTitle "EXT 2025"]
[Source "ChessBase"]
[SourceDate "2024.10.14"]
[SourceVersion "1"]
[SourceVersionDate "2024.10.14"]
[SourceQuality "1"]
[WhiteTeam "Presov Tatran Dason"]
[BlackTeam "Margecany"]
[WhiteTeamCountry "SVK"]
[BlackTeamCountry "SVK"]

1. e4 e5 2. d4 exd4 3. f4 Nc6 4. Nf3 Bb4+ 5. Nbd2 d5 6. e5 Bg4 7. Bd3 Nge7 8. 0-0 Nf5 9. Qe2 Qe7 10. a3 Bc5 11. b4 Bb6 12. Nb3 0-0 13. Bd2 Rae8 14. b5 Nd8 15. Bb4 Qd7 16. Bxf8 Kxf8 17. Qf2 Ne6 18. h3 Bxf3 19. Qxf3 Ne3 20. Rfe1 Nxc2 21. Bxc2 d3+ 22. Kh2 dxc2 23. Qd3 Nxf4 24. Qxh7 Ng6 25. Qh5 c5 26. bxc6 Qxc6 27. Qf3 Rxe5 28. Qd3 Nf4 29. Qd2 Re4 30. Rxe4 dxe4 31. Rc1 e3 32. Qxc2 Qxc2 33. Rxc2 e2 34. Rc1 Nd3 0-1

[Event "SVK-chT2D 2324"]
[Site "Slovakia"]
[Date "2023.12.02"]
[Round "5.8"]
[White "Mazak, Ryan"]
[Black "Belis, Rudolf"]
[Result "1-0"]
[WhiteElo "1806"]
[BlackElo "1791"]
[PlyCount "75"]
[EventDate "2023.10.07"]
[EventType "team-tourn"]
[EventRounds "11"]
[EventCountry "SVK"]
[SourceTitle "EXT 2025"]
[Source "ChessBase"]
[SourceDate "2024.10.14"]
[SourceVersion "1"]
[SourceVersionDate "2024.10.14"]
[SourceQuality "1"]
[WhiteTeam "Humenne Reinter III"]
[BlackTeam "Presov Tatran Dason"]
[WhiteTeamCountry "SVK"]
[BlackTeamCountry "SVK"]

1. e4 c6 2. d4 d5 3. e5 c5 4. c3 Nc6 5. Nf3 Bg4 6. Nbd2 e6 7. Be2 f6 8. exf6 gxf6 9. 0-0 Qc7 10. Re1 0-0-0 11. dxc5 Bxc5 12. b4 Bd6 13. Bb2 e5 14. Qb3 e4 15. Nd4 Bxe2 16. Ne6 Bc4 17. Nxc4 dxc4 18. Qxc4 Ne5 19. Qxe4 Qc6 20. Nxd8 Kxd8 21. Qxc6 bxc6 22. Rad1 Kc7 23. Re4 Nh6 24. c4 Rg8 25. c5 Nf3+ 26. Kh1 Be5 27. gxf3 Bxb2 28. Re7+ Kb8 29. Rdd7 Nf5 30. Rb7+ Ka8 31. Rxa7+ Kb8 32. Rxh7 Nd4 33. Rhb7+ Kc8 34. Ra8+ Kxb7 35. Rxg8 Nc2 36. Rg4 Ba3 37. Rc4 Ne1 38. Rc3 1-0

[Event "SVK-chT2D 2324"]
[Site "Slovakia"]
[Date "2023.10.07"]
[Round "1.8"]
[White "Belis, Rudolf"]
[Black "Dzupin, Dominik"]
[Result "1-0"]
[WhiteElo "1791"]
[BlackElo "1641"]
[PlyCount "91"]
[EventDate "2023.10.07"]
[EventType "team-tourn"]
[EventRounds "11"]
[EventCountry "SVK"]
[SourceTitle "EXT 2025"]
[Source "ChessBase"]
[SourceDate "2024.10.14"]
[SourceVersion "1"]
[SourceVersionDate "2024.10.14"]
[SourceQuality "1"]
[WhiteTeam "Presov Tatran Dason"]
[BlackTeam "Moldava nad Bodvou"]
[WhiteTeamCountry "SVK"]
[BlackTeamCountry "SVK"]

1. e4 e5 2. Nf3 Nc6 3. d4 exd4 4. Bc4 Nf6 5. e5 d5 6. Bb5 Ne4 7. Nxd4 Bd7 8. Bxc6 bxc6 9. 0-0 Bc5 10. Be3 Qe7 11. f3 Ng5 12. f4 Ne4 13. Nd2 Nxd2 14. Qxd2 Bxd4 15. Bxd4 Bf5 16. Qf2 Qe6 17. Bxa7 0-0 18. Bd4 Rfb8 19. b3 Qg6 20. Rfc1 h5 21. a4 Be4 22. a5 Ra6 23. Bc5 Re8 24. b4 Qf5 25. Ra3 Re6 26. Rg3 Rg6 27. Bd4 Ra8 28. Kf1 Ra6 29. Ke1 Rg4 30. Rxg4 Qxg4 31. g3 Qh3 32. Kd2 Ra8 33. Kc3 Qc8 34. Qe2 Qh3 35. Kb2 g6 36. Ra1 Qc8 37. a6 Qb8 38. Bc5 Qb5 39. Qxb5 cxb5 40. a7 Bf5 41. Ra6 Bd7 42. Kc3 Kh7 43. Kd4 c6 44. Bd6 Bc8 45. Ra1 Bb7 46. Bb8 1-0

[Event "SVK-chT2D 2223"]
[Site "Slovakia"]
[Date "2022.10.09"]
[Round "2.5"]
[White "Belis, Rudolf"]
[Black "Kapec, Kristian"]
[Result "1-0"]
[WhiteElo "1894"]
[BlackElo "1860"]
[PlyCount "63"]
[EventDate "2022.10.08"]
[EventType "team-tourn"]
[EventRounds "11"]
[EventCountry "SVK"]
[SourceTitle "EXT 2024"]
[Source "ChessBase"]
[SourceDate "2023.10.10"]
[SourceVersion "1"]
[SourceVersionDate "2023.10.10"]
[SourceQuality "1"]
[WhiteTeam "Presov Tatran Dason"]
[BlackTeam "Bardejov BSK"]
[WhiteTeamCountry "SVK"]
[BlackTeamCountry "SVK"]

1. d4 d5 2. c4 Nf6 3. cxd5 Nxd5 4. Nf3 g6 5. e4 Nb6 6. Nc3 Bg7 7. Be3 Bg4 8. Be2 Nc6 9. d5 Bxf3 10. gxf3 Ne5 11. f4 Ned7 12. Bd4 Bxd4 13. Qxd4 Rg8 14. 0-0-0 c5 15. Qe3 a6 16. e5 e6 17. dxe6 fxe6 18. Rd6 Qe7 19. Qh3 0-0-0 20. Rxe6 Qf7 21. Rf6 Qxf6 22. exf6 Rgf8 23. a4 a5 24. f5 gxf5 25. Qxh7 Rxf6 26. Rg1 Nf8 27. Qh4 Rfd6 28. Rd1 Rxd1+ 29. Bxd1 Nfd7 30. Qf4 Rf8 31. Bf3 Rf6 32. h4 1-0

[Event "SVK-chT2D 2122"]
[Site "Slovakia"]
[Date "2022.03.05"]
[Round "6.5"]
[White "Cisarik, Pavol"]
[Black "Belis, Rudolf"]
[Result "0-1"]
[WhiteElo "1639"]
[BlackElo "1895"]
[PlyCount "90"]
[EventDate "2021.10.16"]
[EventType "team-tourn"]
[EventRounds "11"]
[EventCountry "SVK"]
[SourceTitle "EXT 2023"]
[Source "ChessBase"]
[SourceDate "2022.10.05"]
[SourceVersion "1"]
[SourceVersionDate "2022.10.05"]
[SourceQuality "1"]
[WhiteTeam "Presov Slavia PU"]
[BlackTeam "Presov Tatran Dason"]
[WhiteTeamCountry "SVK"]
[BlackTeamCountry "SVK"]

1. e4 c5 2. Nf3 a6 3. c3 d5 4. exd5 Qxd5 5. d4 e6 6. Be3 Nd7 7. Nbd2 cxd4 8. Bc4 Qd6 9. Nxd4 Ngf6 10. 0-0 Be7 11. Bb3 0-0 12. Nc4 Qc7 13. Qe2 b5 14. Nd2 Bb7 15. Bc2 Nb6 16. Bg5 Nbd5 17. Rac1 Nf4 18. Bxf4 Qxf4 19. N2f3 Bd6 20. Rcd1 Bc5 21. Rfe1 Rac8 22. Qe5 Qxe5 23. Nxe5 Rfd8 24. Bb3 Nd5 25. Bxd5 Bxd5 26. Nb3 Bb6 27. h3 f6 28. Nd3 Kf7 29. Nb4 Bb7 30. Nd4 Rd6 31. Rd3 Rcd8 32. Red1 a5 33. Nxb5 Rxd3 34. Nxd3 Be4 35. Nd6+ Rxd6 36. Ne5+ Ke7 37. Rxd6 Kxd6 38. Nc4+ Kc5 39. b3 Bc7 40. f3 Bb1 41. a4 Ba2 42. Nd2 f5 43. Kf2 Bf4 44. b4+ axb4 45. cxb4+ Kxb4 0-1

[Event "SVK-chT1E 1718"]
[Site "Slovakia"]
[Date "2018.02.03"]
[Round "7.8"]
[White "Belis, Rudolf"]
[Black "Popovic, Martin"]
[Result "1-0"]
[WhiteElo "1982"]
[BlackElo "1867"]
[PlyCount "85"]
[EventDate "2017.10.21"]
[EventType "team-tourn"]
[EventRounds "11"]
[EventCountry "SVK"]
[SourceTitle "EXT 2019"]
[Source "ChessBase"]
[SourceDate "2018.10.10"]
[SourceVersion "1"]
[SourceVersionDate "2018.10.10"]
[SourceQuality "1"]
[WhiteTeam "Presov Tatran"]
[BlackTeam "Kosice Slavia TU II"]
[WhiteTeamCountry "SVK"]
[BlackTeamCountry "SVK"]

1. d4 Nf6 2. c4 e6 3. Nf3 d5 4. Nc3 Bb4 5. Bg5 0-0 6. e3 Nbd7 7. Qc2 h6 8. Bh4 c6 9. a3 Be7 10. Bd3 dxc4 11. Bxc4 b5 12. Bd3 a6 13. b4 Bb7 14. 0-0 a5 15. Qb3 Nd5 16. Bxe7 Qxe7 17. Nxd5 exd5 18. Qc3 axb4 19. axb4 Nb6 20. h3 Nc4 21. Rfe1 Rxa1 22. Rxa1 Ra8 23. Rxa8+ Bxa8 24. Qa1 Qe8 25. Qa7 Qc8 26. Qe7 c5 27. Qxc5 Qxc5 28. dxc5 Bb7 29. Nd4 Ba6 30. f4 Kf8 31. e4 dxe4 32. Bxe4 g6 33. Kf2 Ke7 34. Bc6 Na3 35. Ke3 Kd8 36. Kd3 Kc7 37. Kc3 Bb7 38. Bxb7 Kxb7 39. Kb3 Nc4 40. Nxb5 Nd2+ 41. Kc3 Ne4+ 42. Kd4 f5 43. Nd6+ 1-0

[Event "SVK-chT2D 1718"]
[Site "Slovakia"]
[Date "2018.01.13"]
[Round "5.6"]
[White "Belis, Rudolf"]
[Black "Sabol, Jan"]
[Result "1/2-1/2"]
[WhiteElo "1994"]
[BlackElo "1842"]
[PlyCount "100"]
[EventDate "2017.10.28"]
[EventType "team-tourn"]
[EventRounds "11"]
[EventCountry "SVK"]
[SourceTitle "EXT 2019"]
[Source "ChessBase"]
[SourceDate "2018.10.10"]
[SourceVersion "1"]
[SourceVersionDate "2018.10.10"]
[SourceQuality "1"]
[WhiteTeam "Presov Tatran II"]
[BlackTeam "Presov Slavia"]
[WhiteTeamCountry "SVK"]
[BlackTeamCountry "SVK"]

1. d4 Nf6 2. c4 d6 3. f3 c6 4. e4 Nbd7 5. Nc3 e5 6. Nge2 Be7 7. Be3 a6 8. Qd2 b5 9. d5 bxc4 10. dxc6 Nb8 11. Nd5 Nxc6 12. Bb6 Qd7 13. Nc7+ Kf8 14. Nxa8 Qb7 15. Nc3 Qxa8 16. Bxc4 Be6 17. Be2 h6 18. 0-0 g5 19. Nd5 Qb7 20. Bf2 Bxd5 21. exd5 Nb4 22. Rfd1 Nbxd5 23. Qa5 Qxb2 24. Bxa6 Nc3 25. Rdc1 Nfd5 26. Bc4 Qd2 27. Qa7 Nf4 28. Re1 f5 29. Qe3 Qb2 30. Rac1 Ncd5 31. Bxd5 Nxd5 32. Qd3 Nf4 33. Qxf5+ Kg7 34. Rc7 Re8 35. Qb1 Qd2 36. a4 Kf6 37. Qh7 Nd3 38. Qxh6+ Kf7 39. Rf1 Nxf2 40. Rxf2 Qe1+ 41. Rf1 Qe3+ 42. Kh1 d5 43. h4 Qe2 44. Rb1 e4 45. fxe4 Qxe4 46. Rf1+ Kg8 47. hxg5 Rf8 48. Rxf8+ Bxf8 49. Qf6 Qe1+ 50. Kh2 Bd6+ 1/2-1/2

[Event "SVK-chT1E 1718"]
[Site "Slovakia"]
[Date "2017.12.02"]
[Round "5.8"]
[White "Belis, Rudolf"]
[Black "Kacir, Tomas"]
[Result "1/2-1/2"]
[WhiteElo "1982"]
[BlackElo "1720"]
[PlyCount "93"]
[EventDate "2017.10.21"]
[EventType "team-tourn"]
[EventRounds "11"]
[EventCountry "SVK"]
[SourceTitle "EXT 2019"]
[Source "ChessBase"]
[SourceDate "2018.10.10"]
[SourceVersion "1"]
[SourceVersionDate "2018.10.10"]
[SourceQuality "1"]
[WhiteTeam "Presov Tatran"]
[BlackTeam "Sabinov"]
[WhiteTeamCountry "SVK"]
[BlackTeamCountry "SVK"]

1. d4 Nf6 2. c4 e6 3. Nf3 d5 4. Nc3 Be7 5. Bf4 a6 6. e3 Nbd7 7. Qc2 Nh5 8. cxd5 Nxf4 9. exf4 exd5 10. Nxd5 Bd6 11. 0-0-0 0-0 12. Bd3 h6 13. f5 Nf6 14. Ne3 Bd7 15. Kb1 Rc8 16. h4 c5 17. d5 b5 18. g4 c4 19. Be2 Re8 20. Nd4 Ne4 21. Bf3 Qe7 22. f6 Nxf6 23. g5 Ne4 24. gxh6 Bc5 25. Ndf5 Bxf5 26. Nxf5 Qe5 27. Bxe4 Qxe4 28. hxg7 Qxc2+ 29. Kxc2 Re5 30. Ne3 Kxg7 31. Ng4 Re2+ 32. Kb1 f5 33. Ne3 Bxe3 34. fxe3 Rxe3 35. h5 Rd8 36. Rhg1+ Kh6 37. Rg6+ Kxh5 38. Rg7 Kh6 39. Rg2 Rh3 40. Rd4 Rd6 41. Rg8 Rh5 42. Kc2 Kh7 43. Rg2 f4 44. Rxf4 Rhxd5 45. Rf7+ Kh6 46. Rf8 Kh7 47. Rf7+ 1/2-1/2

[Event "SVK-chT2D 1718"]
[Site "Slovakia"]
[Date "2017.11.25"]
[Round "3.5"]
[White "Hotak, Marian"]
[Black "Belis, Rudolf"]
[Result "0-1"]
[WhiteElo "1993"]
[BlackElo "1994"]
[PlyCount "82"]
[EventDate "2017.10.28"]
[EventType "team-tourn"]
[EventRounds "11"]
[EventCountry "SVK"]
[SourceTitle "EXT 2019"]
[Source "ChessBase"]
[SourceDate "2018.10.10"]
[SourceVersion "1"]
[SourceVersionDate "2018.10.10"]
[SourceQuality "1"]
[WhiteTeam "Spisska Nova Ves"]
[BlackTeam "Presov Tatran II"]
[WhiteTeamCountry "SVK"]
[BlackTeamCountry "SVK"]

1. g3 d5 2. Bg2 Nf6 3. Nf3 c5 4. 0-0 Nc6 5. c4 d4 6. d3 e5 7. e3 Be7 8. exd4 exd4 9. Bf4 0-0 10. Ne5 Nxe5 11. Bxe5 Qb6 12. Qc2 Bd7 13. Nd2 Ng4 14. Rae1 Nxe5 15. Rxe5 Bd6 16. Ree1 Rae8 17. Ne4 Bc7 18. f4 f5 19. Ng5 g6 20. Bd5+ Kg7 21. b4 h6 22. bxc5 Qxc5 23. Nf3 Bc6 24. Bxc6 bxc6 25. Kg2 Ba5 26. Re5 Rxe5 27. Nxe5 Re8 28. Qa4 Bc7 29. Rb1 Bxe5 30. fxe5 Re7 31. Qb4 Qxe5 32. Rf1 g5 33. Qa4 Qe2+ 34. Rf2 Qxd3 35. Qxc6 Qe4+ 36. Qxe4 fxe4 37. Rb2 d3 38. Kf1 Kf6 39. Rb5 Rc7 40. Ke1 Rxc4 41. Kd2 Rc2+ 0-1

[Event "SVK-chT1E 1718"]
[Site "Slovakia"]
[Date "2017.11.04"]
[Round "3.8"]
[White "Belis, Rudolf"]
[Black "Holly, Andrej"]
[Result "1-0"]
[WhiteElo "1982"]
[BlackElo "1833"]
[PlyCount "133"]
[EventDate "2017.10.21"]
[EventType "team-tourn"]
[EventRounds "11"]
[EventCountry "SVK"]
[SourceTitle "CBM 181 Extra"]
[Source "ChessBase"]
[SourceDate "2017.12.12"]
[SourceVersion "1"]
[SourceVersionDate "2017.12.12"]
[SourceQuality "1"]
[WhiteTeam "Presov Tatran"]
[BlackTeam "Liptov Chess School II"]
[WhiteTeamCountry "SVK"]
[BlackTeamCountry "SVK"]

1. d4 Nf6 2. Nc3 g6 3. e4 d6 4. Bc4 Bg7 5. Qe2 Nc6 6. Nf3 e5 7. dxe5 Nxe5 8. Nxe5 dxe5 9. f3 c6 10. Be3 Qa5 11. 0-0 0-0 12. Rfd1 Nd7 13. a3 b5 14. b4 Qc7 15. Bxb5 cxb5 16. Nxb5 Qb7 17. c4 Rd8 18. c5 Bf8 19. Qc4 Qc6 20. Nd6 Bxd6 21. Rxd6 Qc7 22. Rad1 Re8 23. b5 Nf8 24. a4 Be6 25. Qd3 f5 26. Qc3 f4 27. Bf2 Bf7 28. a5 Re6 29. R6d3 Rc8 30. Qb4 Qb7 31. Qa4 a6 32. b6 Be8 33. Qb3 Bc6 34. Rd8 Rxd8 35. Rxd8 Qf7 36. Qd1 Qe7 37. Rc8 Qb7 38. Rc7 Qa8 39. Qb3 Bb5 40. Bh4 Kh8 41. Be7 Rxe7 42. Rxe7 Qd8 43. Qd5 Qxe7 44. b7 Qe8 45. Qd6 Nd7 46. c6 Bxc6 47. Qxc6 Kg7 48. g3 g5 49. Qxa6 Qe7 50. Qc4 Qd6 51. a6 Nb8 52. a7 Qb6+ 53. Kg2 Qxa7 54. Qc7+ Kg6 55. Qc8 fxg3 56. Qf5+ Kg7 57. Qxg5+ Kf7 58. Qf5+ Kg8 59. Qc8+ Kg7 60. hxg3 Qa2+ 61. Kh3 Na6 62. Kg4 Qf7 63. b8Q Nxb8 64. Qxb8 h5+ 65. Kh3 Qxf3 66. Qxe5+ Kh6 67. Qf4+ 1-0

[Event "SVK-chT2D 1516"]
[Site "Slovakia"]
[Date "2016.01.24"]
[Round "7.6"]
[White "Belis, Rudolf"]
[Black "Marvanyi, Milan"]
[Result "1-0"]
[WhiteElo "1985"]
[BlackElo "1767"]
[PlyCount "59"]
[EventDate "2015.10.17"]
[EventType "team-tourn"]
[EventRounds "11"]
[EventCountry "SVK"]
[SourceTitle "EXT 2017"]
[Source "ChessBase"]
[SourceDate "2016.10.25"]
[SourceVersion "1"]
[SourceVersionDate "2016.10.25"]
[SourceQuality "1"]
[WhiteTeam "Presov Tatran Dason"]
[BlackTeam "Presov Tatran"]
[WhiteTeamCountry "SVK"]
[BlackTeamCountry "SVK"]

1. d4 d5 2. c4 e6 3. Nf3 Nf6 4. Nc3 Be7 5. g4 h6 6. g5 hxg5 7. Bxg5 Nc6 8. e3 dxc4 9. Bxc4 Nd5 10. Bxe7 Ndxe7 11. Rg1 Ng6 12. Ng5 Qf6 13. Nce4 Qf5 14. Bd3 Qa5+ 15. Nc3 Nge7 16. a3 f6 17. b4 Nxb4 18. axb4 Qxb4 19. Nge4 f5 20. Rb1 Qa5 21. Rb5 Qa3 22. Rb3 Qa5 23. Nd2 c6 24. Nc4 Qc7 25. Ne5 Rxh2 26. Ke2 Nd5 27. Rh1 Rh6 28. Qg1 Nf6 29. Rxh6 gxh6 30. Qg6+ 1-0

[Event "SVK-chT2D 1516"]
[Site "Slovakia"]
[Date "2015.10.18"]
[Round "2.5"]
[White "Belis, Rudolf"]
[Black "Panko, Eduard"]
[Result "1-0"]
[WhiteElo "1985"]
[BlackElo "1956"]
[PlyCount "53"]
[EventDate "2015.10.17"]
[EventType "team-tourn"]
[EventRounds "11"]
[EventCountry "SVK"]
[SourceTitle "CBM 169 Extra"]
[Source "ChessBase"]
[SourceDate "2015.12.18"]
[SourceVersion "1"]
[SourceVersionDate "2015.12.18"]
[SourceQuality "1"]
[WhiteTeam "Presov Tatran Dason"]
[BlackTeam "Bardejov II"]
[WhiteTeamCountry "SVK"]
[BlackTeamCountry "SVK"]

1. d4 c6 2. c4 g6 3. e4 Bg7 4. Nc3 c5 5. d5 Bxc3+ 6. bxc3 d6 7. Bd3 Nd7 8. f4 e5 9. Nf3 Qa5 10. 0-0 Qxc3 11. Rb1 Qa5 12. fxe5 Nxe5 13. Nxe5 dxe5 14. Qf3 Qc7 15. Bg5 h6 16. Bf6 Rh7 17. Qg3 Nxf6 18. Rxf6 Qe7 19. Rbf1 Kd8 20. Bc2 Bd7 21. Qa3 b6 22. Rxb6 axb6 23. Qxa8+ Bc8 24. Qc6 f5 25. Qxb6+ Qc7 26. Qxg6 f4 27. Qg8+ 1-0